| 000 | 01057nam a22002537a 4500 | ||
|---|---|---|---|
| 003 | OSt | ||
| 005 | 20210215110130.0 | ||
| 008 | 210215s2002 Dr ||||gr|||| 00| 0 spa d | ||
| 020 | _a9993429244 | ||
| 040 |
_aCO-JMCR _cCO-JMCR |
||
| 041 | 0 | _aspa | |
| 082 | 0 | 4 |
_a930 / _bC697t _223 |
| 100 | 1 |
_aCollado, Lipe, _eautor _913425 |
|
| 245 |
_aEl tíguere dominicano : _bhacia una aproximación de cómo en el dominicano / _cLipe Collado |
||
| 250 | _aTercera edición | ||
| 260 |
_aRepública Dominicana : _bCollado, _c2002 |
||
| 300 |
_a192 páginas ; _c21 cm. |
||
| 504 | _aBibliografía : páginas 191-192. | ||
| 505 | 0 | _aLa palabra tíguere -- Socialización y remedación -- El tíguere en la literatura y otros escritos -- Clasificación de tíguere -- Medio ambiente del tíguere -- Caracteristicas del tíguere -- El tíguere Porfirio Rubirosa | |
| 650 | 1 | 4 |
_aCaracterísticas nacionales, _zRepública Dominicana _913426 |
| 650 | 2 | 4 |
_aPsicología social _zRepública Dominicana. _913427 |
| 650 | 2 | 4 |
_aPsicología Social. _91189 |
| 942 |
_2ddc _cBK |
||
| 999 |
_c7179 _d7179 |
||